| 000 | 01254ntm a2200253 i 4500 | ||
|---|---|---|---|
| 001 | 181399 | ||
| 003 | ES-MaACL | ||
| 005 | 20250729042548.0 | ||
| 008 | 130110s1862 sp |||| | spa d | ||
| 040 | _cES-MaACL | ||
| 100 | 1 |
_aFiguerola, Laureano, _d1816-1903 _950808 _eaut |
|
| 245 | 1 | 0 |
_aApuntes del derecho político comparado : _baño académico de 1860 a 1862 _h[Manuscrito] / _cpor... Laureano Figuerola ; [recogidos por Julio Herrero y García Sancha]. |
| 260 |
_a[Madrid, _cca. 1862] |
||
| 300 |
_a[192] páginas ; _c22 cm. |
||
| 500 | _aEn la segunda hoja: "Sr. D. Laureano Figuerola: Por si de alguna utilidad pudieran serle estos ligeros apuntes de derecho político comparado, se lo dedica por deber, por gratitud y por cariño su discípulo Julio Herrero y García Sancha, 7 de febrero de 1862" | ||
| 530 | _aDisponible en formato digital. | ||
| 650 | 7 |
_aDerecho político _2embne _9135897 |
|
| 700 | 1 |
_9152045 _aHerrero y García Sancha, Julio _ered |
|
| 852 |
_aES-MaACL _cSPAL _jC-3011 |
||
| 856 |
_uhttps://bvpb.mcu.es/es/consulta/registro.do?id=577739 _yVersión en línea _z(Biblioteca Virtual del Patrimonio Bibliográfico) |
||
| 942 | _cMANUSCRITO | ||
| 999 |
_c181399 _d181399 |
||